000 00383nam a2200157 i 4500
001 bg
100 1 _aLEBSON, S.
245 0 _aMiernictwo elektryczne dla techników /
_cS. Lebson, J. Kaniewski.
250 _aWyd.6 zmien.
260 _aWarszawa,
_c1969.
700 1 _aKANIEWSKI, J.
040 _cBPK
041 _apol
942 _cKS
008 s pl f |000 0 pol
999 _c10513
_d10513
856 _uhttp://koha.tu.koszalin.pl/cgi-bin/koha/opac-detail.pl?biblionumber=10513
_yKatalog online BPK